Plus grandes villes du monde par lettre - G - Statistiques

Statistiques générales
  • Ce quiz a été pris 316 fois
  • Le résultat moyen est 4 sur 10
Statistiques - réponses
Pays Population Ville % Correct
Guatemala 5.485 Mio Guatemala
94%
Palestine 1.943 Mio Gaza
71%
Mexique 5.265 Mio Guadalajara
68%
Royaume-Uni 1.861 Mio Glasgow
66%
Équateur 3.564 Mio Guayaquil
40%
Turquie 1.974 Mio Gaziantep
21%
Brésil 2.518 Mio Goiânia
12%
Malaisie 2.413 Mio George Town
11%
Chine 3.483 Mio Guiyang
7%
Pakistan 2.949 Mio Gujranwala
6%
Aucun quiz correspondant
Distribution des résultats
% des personnes avec chaque résultat
Percentile par nombre de réponses
Votre historique - résultats
Vous n’avez pas pris ce quiz